Sports Quiz

Random Sports or Country Quiz
Score 0/106 Timer 15:00
0 Plays Today
Goals Scorer % Correct
5Miroslav Klose
98.5%
3Ronaldo
98.2%
1Cristiano Ronaldo
98.2%
3Thierry Henry
95.2%
1Didier Drogba
92.9%
3Zinedine Zidane
90.8%
1Lionel Messi
89.7%
3Fernando Torres
89.4%
3David Villa
88.7%
2Steven Gerrard
82%
3Lukas Podolski
81%
1David Beckham
80%
2Tim Cahill
79.3%
1Alessandro Del Piero
78.6%
3Hernan Crespo
78.4%
2Andriy Shevchenko
77.3%
1Francesco Totti
76.7%
1Kaka
75.3%
1Philipp Lahm
73.8%
2Luca Toni
73.4%
1Fabio Grosso
72.3%
1Carlos Tevez
72.1%
1Peter Crouch
71.3%
1Joe Cole
70.6%
3Maxi Rodriguez
70.4%
1Andrea Pirlo
69.9%
2Marco Materazzi
69.5%
1Jan Koller
68.8%
1Robin Van Persie
67.9%
1Arjen Robben
67.3%
1Esteban Cambiasso
65.6%
1Ruud Van Nistelrooy
65.5%
1Park Ji-Sung
65.3%
1Henrik Larsson
65.3%
2Paulo Wanchope
65%
1Franck Ribery
64.1%
Goals Scorer % Correct
2Tomas Rosicky
63.8%
1Raul
63.5%
1Harry Kewell
63.1%
2Adriano
63%
2Bastian Schweinsteiger
61.5%
1Torsten Frings
60.1%
1Asamoah Gyan
59.1%
1Bonaventure Kalou
57.3%
2Alexander Frei
56.3%
1Deco
56.2%
1Filippo Inzaghi
54.6%
2Maniche
53.6%
2Patrick Vieira
52.7%
1Gianluca Zambrotta
51.4%
1Pauleta
51.3%
1Alberto Gilardino
49.7%
1Nuno Gomes
49.5%
1Clint Dempsey
48.8%
1Rafa Marquez
46.8%
1Ze Roberto
46.3%
1Vincenzo Iaquinta
45.1%
1Oliver Neuville
43.8%
1Javier Saviola
42.2%
1Sulley Ali Muntari
39%
1Xabi Alonso
38.7%
1Fred
38.5%
1Bakary Kone
38.2%
1Juninho
38.1%
1Fredrik Ljungberg
37.9%
1Stephen Appiah
37.4%
1Ronald Gomez
37.3%
1Lee Chun-Soo
36.3%
2Aruna Dindane
36.1%
1Simao
35.5%
2Agustin Delgado
35.4%
1Roberto Ayala
34.9%
Goals Scorer % Correct
1Darijo Srna
33.4%
1Gilberto
33.3%
1Sergiy Rebrov
33.1%
1Shunsuke Nakamura
32.8%
1Nikola Zigic
29.6%
2Omar Bravo
28.8%
2Carlos Tenorio
27.9%
1Marcus Allback
27.3%
1John Aloisi
27.1%
1Tranquillo Barnetta
27.1%
1Ahn Jung-Hwan
26.5%
1Philippe Senderos
26%
1Niko Kovac
25.4%
1Samir Al-Jaber
24%
1Craig Moore
22%
1Ivan Kaviedes
20.7%
1Francisco Fonseca
18.9%
1Radhi Jaidi
18.6%
2Bartosz Bosacki
17.8%
1Flavio
17.5%
1Juanito
16%
1Sasa Ilic
14.3%
1Mohamed Kader
14.2%
1Yahya Golmohammadi
13.8%
1Sinha
13.6%
1Andriy Rusol
12.8%
1Haminu Dramani
12%
1Ziad Jaziri
11.6%
1Keiji Tamada
11.2%
1Maksym Kalynychenko
10.8%
1Yasser Al-Qahtani
10.7%
1Nelson Cuevas
10.2%
1Jaouhar Mnari
9%
1Sohrab Bakhtiarizadeh
8.7%
Remove Ads.
Support Sporcle.
Get the best of Sporcle when you Go Orange. This ad-free experience offers more features, more stats, and more fun while also helping to support Sporcle. Thank you for becoming a member.

You're not logged in!

Compare scores with friends on all Sporcle quizzes.
OR
Log In

Show Comments

Extras

Top Quizzes Today


Score Distribution

Your Account Isn't Verified!

In order to create a playlist on Sporcle, you need to verify the email address you used during registration. Go to your Sporcle Settings to finish the process.

Report this User

Report this user for behavior that violates our Community Guidelines.

Details: